000
00267nam a22001217a 4500
020
_a
978-93-85175-99-2
082
_a
894.812.3
_b
ALK/L
100
_a
ALKOTT, LOUISAMA
245
_a
LITTLE WOMEN
260
_a
THRISSUR
_b
H&C BOOKS
650
_a
STORY
_z
KERALA
942
_c
BK
999
_c
7000
_d
7000